Представление документа в формате MARC21

Поле Инд. ПП Название Значение
Тип записи a
Библиографический уровень m
001 Контрольный номер 8cf985a1-d113-47da-b684-ef3e33243ec4
005 Дата корректировки 20140227062036.8
008 Кодируемые данные 060818
020 a ISBN 5-9221-0211-7
c Цена, тираж 56.00
040 a Служба первич. каталог. НБ ТвГУ
041 a Код языка текста rus
080 a Индекс УДК 536.755
084 a Индекс другой классификации/Индекс ББК В317.26
090 x Авторский знак З-91
a Полочн. индекс В317.2
100 1_ a Автор Зубарев Дмитрий Н.
242 _0 a Перевод заглавия Statistical mechanics of nonequilibrium processes
245 00 a Заглавие Статистическая механика неравновесных процессов
n Номер части/ раздела Т. 1
c Ответственность Д. Н. Зубарев, В. Г. Морпозов, Г. Р¬пке ; пер. с англ. А. Г. Башкирова и И. В. Морозова ; под ред. В. Г. Морозова
260 0_ a Место издания Москва
b Издательство Физматлит
c Дата издания 2002
300 a Объем 431 с.
504 a Библиография Библиогр.: с. 427-431.
583 a Действие Получение впервые 321 02.08.2002
k Исполнитель действия Дар РГГУ
650 a Основная рубрика Неравновесные процессы
x Основная подрубрика Статистическая физика
653 a Ключевые слова Неравновесные процессы
a Ключевые слова Статистическая физика
a Ключевые слова Статистическая механика
700 1_ a Другие авторы Морозов В. Г.
e Роль лиц авт., пер., ред.
700 1_ a Другие авторы Репке Г.
e Роль лиц авт.
700 1_ a Другие авторы Башкиров А. Г.
e Роль лиц пер.
852 t Порядковый номер экземпляра 1
p Инвентарный номер 748550
888 a Бесплатные
952 p 321.2002 56.00 1 748550
c Вид литературы К ру
999 a Подразделение 2 Фил3